Felipenese - Statistics

General Stats
  • This quiz has been taken 16 times
  • The average score is 4 of 15
Answer Stats
Hint Answer % Correct
Taa Shot
57%
Swfffff Blade
43%
Taaaaa Long shot
43%
Shwoooo Water
43%
Traaaa Breaking
29%
Sssshhpok Bubble gum
29%
Pw pw pw Fight
29%
Woooosh Gust
29%
Shhhhtk Lighter
29%
Thrwsws Lightning
29%
Swsssssss Drop
14%
Pshwwww Explosion
14%
Shrsss Fire
14%
Inhaw Suriname
14%
Ihrnnnn Swallow
14%
No matching quizzes found
Score Distribution
Percent of People with Each Score
Percentile by Number Answered
Your Score History
You have not taken this quiz